00455 2200169 4500245005900000020002200059250001100081100002000092700002000112650002300132005001900155260005000174041001400224084001100238300002700249336000900276 aPengembangan Media PembelajarancMeilani SafitrihText a978-623-09-4087-3 aCet. 1 aMeilani Safitri aMiftahul Jannah aMedia Pembelajaran a20241007133942 aSumatera UtarabMifandi Mandiri Digitalc2023 aIndonesia a371.33 aiv, 116 hlm. :c20 cm. atext